000 00454nam a22001457a 4500
008 150129b xxu||||| |||| 00| 0 eng d
050 _aBT736.4
_b.S75 1989
100 _aStira, Ananda.
245 _aBoundless peace that Jesus gives :
_cby Ananda, Stira.
260 _aTennur, Trichy :
_bPaul Printers ;
_c1989.
300 _a90 p. :
_c21 cm.
650 _a Jesus Christ
_xTeachings
650 _a Peace
_xChristianity
_xReligious aspects
942 _2lcc
_cBK
999 _c44130
_d44130